| 000 | 01362nam2a22002531 4500 | ||
|---|---|---|---|
| 001 | RU\NLR\INFOCOMM16\1000075909 | ||
| 005 | 20260406024005.0 | ||
| 035 | _a(NLR Aleph) 002527115 | ||
| 090 |
_a2815729 _c2815729 |
||
| 100 | _a20040423d1979 |||y0rusy50 ca | ||
| 101 | 0 | _arus | |
| 102 | _aRU | ||
| 105 | _ay ||||||||| | ||
| 200 | 1 |
_aФирменная литература и опыт ее использования _fГ.С. Тумаринсон |
|
| 210 |
_d1979 _aБ. м. |
||
| 461 | 0 |
_1001RU\NLR\INFOCOMM16\1000075901 _12001#$aМестная промышленность$eНауч.-техн. реф. сб.$hСерия 1$iОбщеотраслевые вопросы местной промышленности$fМ-во мест. пром-сти РСФСР. ЦБНТИ$v1979, Вып.1 _92815661 _cМ. _d1969- _fМ-во мест. пром-сти РСФСР. ЦБНТИ _hСерия 1 _iОбщеотраслевые вопросы местной промышленности _oНауч.-техн. реф. сб. _tМестная промышленность _x0136-5738 _v1979, Вып.1 |
|
| 700 | 1 |
_4070 _aТумаринсон _bГ. С. _f1935-2015 _gГенрих Саулович _3RU\NLR\AUTH\77125543 _9108468 |
|
| 801 | 1 |
_aRU _bInfoComm _c20040423 |
|
| 801 | 0 |
_aRU _bNLR _gPSBO |
|
| 852 |
_aNLR _jП10/4396 |
||
| 942 | _cISSUE | ||
| 980 | _aNB | ||
| 980 | _aRUSPER | ||